[Event "Biella Vercelli Province-ch"]
[Site "Biella"]
[Date "2015.03.08"]
[Round "4"]
[White "Gnata, Ilaria"]
[Black "Moratto, Davide"]
[Result "1/2-1/2"]
[WhiteElo "1268"]
[BlackElo "1728"]
[PlyCount "81"]
[EventDate "2015.03.06"]
[EventType "swiss"]
[EventRounds "5"]
[EventCountry "ITA"]
[SourceTitle "EXT 2017"]
[Source "ChessBase"]
[SourceDate "2016.10.25"]
[SourceVersion "1"]
[SourceVersionDate "2016.10.25"]
[SourceQuality "1"]

1. e4 b6 2. Nf3 Bb7 3. Nc3 e6 4. g3 Bb4 5. d3 Ne7 6. Bd2 d5 7. exd5 Nxd5 8. Nxd5 Bxd2+ 9. Qxd2 Qxd5 10. Be2 Nd7 11. Rg1 Ne5 12. Nxe5 Qxe5 13. 0-0-0 0-0 14. Rde1 Qf6 15. f4 Rfd8 16. g4 c5 17. c3 b5 18. g5 Qe7 19. h4 a5 20. Qe3 Qd7 21. Qxc5 Rac8 22. Qe3 a4 23. h5 g6 24. h6 Qd5 25. Qe5 Qxe5 26. fxe5 Rd4 27. Kb1 Rf4 28. d4 Be4+ 29. Ka1 Rb8 30. Rg4 Rxg4 31. Bxg4 Bd5 32. a3 Kf8 33. Rb1 Ke7 34. Bd1 Bb3 35. Bxb3 axb3 36. Rf1 Rc8 37. Kb1 Rc4 38. Rf4 Rc6 39. Kc1 Rc4 40. Kd2 Ke8 41. Kd3 1/2-1/2

[Event "Arco op 36th"]
[Site "Arco"]
[Date "2014.10.09"]
[Round "6"]
[White "Moratto, Davide"]
[Black "Mircoli, Filippo"]
[Result "0-1"]
[WhiteElo "1796"]
[BlackElo "1641"]
[PlyCount "64"]
[EventDate "2014.10.04"]
[EventType "swiss"]
[EventRounds "9"]
[EventCountry "ITA"]
[SourceTitle "EXT 2016"]
[Source "ChessBase"]
[SourceDate "2015.10.08"]
[SourceVersion "1"]
[SourceVersionDate "2015.10.08"]
[SourceQuality "1"]

1. e4 c5 2. Nf3 e6 3. d4 cxd4 4. Qxd4 Nc6 5. Qd1 a6 6. a3 Be7 7. c4 d6 8. Nc3 Nf6 9. Be2 0-0 10. 0-0 Bd7 11. b4 Rc8 12. Qd3 Ng4 13. Bb2 Nge5 14. Qc2 Nxf3+ 15. Bxf3 Nd4 16. Qd3 Nxf3+ 17. gxf3 Bf6 18. Rac1 Be5 19. Qe3 Qh4 20. Rfd1 Qxh2+ 21. Kf1 Bf4 22. Qd3 Bxc1 23. Bxc1 Bc6 24. b5 axb5 25. Nxb5 Bxb5 26. cxb5 Rxc1 27. Rxc1 Qh1+ 28. Ke2 Qxc1 29. Qxd6 Qc4+ 30. Ke3 Qxb5 31. e5 h6 32. Kf4 Qd5 0-1

[Event "Biella Vercelli Province-ch"]
[Site "Biella"]
[Date "2014.03.15"]
[Round "3"]
[White "Bozio, Stefano"]
[Black "Moratto, Davide"]
[Result "0-1"]
[WhiteElo "1542"]
[BlackElo "1790"]
[PlyCount "56"]
[EventDate "2014.03.14"]
[EventType "swiss"]
[EventRounds "5"]
[EventCountry "ITA"]
[SourceTitle "EXT 2015"]
[Source "ChessBase"]
[SourceDate "2014.11.20"]
[SourceVersion "1"]
[SourceVersionDate "2014.11.20"]
[SourceQuality "1"]

1. e4 g6 2. Nf3 Bg7 3. d4 d6 4. Bc4 e6 5. Nc3 Ne7 6. Bf4 a6 7. a4 0-0 8. e5 d5 9. Bd3 b6 10. h4 c5 11. dxc5 bxc5 12. b3 Nbc6 13. h5 Nb4 14. hxg6 Nxd3+ 15. Qxd3 Nxg6 16. Qd2 f6 17. Bh6 Ra7 18. Bxg7 Rxg7 19. exf6 Qxf6 20. Rd1 Ne5 21. Nxe5 Qxe5+ 22. Kf1 Qg3 23. Rg1 Rgf7 24. f3 Rxf3+ 25. gxf3 Rxf3+ 26. Ke2 Rf2+ 27. Ke1 Rg2+ 28. Kf1 Qf3+ 0-1

[Event "Arco op 34th"]
[Site "Arco"]
[Date "2012.10.13"]
[Round "1"]
[White "Roth, Peter"]
[Black "Moratto, Davide"]
[Result "1-0"]
[WhiteElo "2226"]
[BlackElo "1854"]
[PlyCount "99"]
[EventDate "2012.10.13"]
[EventType "swiss"]
[EventRounds "9"]
[EventCountry "ITA"]
[SourceTitle "EXT 2013"]
[Source "ChessBase"]
[SourceDate "2012.11.22"]
[SourceVersion "1"]
[SourceVersionDate "2012.11.22"]
[SourceQuality "1"]

1. e4 b6 2. d4 Bb7 3. Bd3 Nf6 4. Qe2 Nc6 5. c3 d6 6. f4 e6 7. Nf3 Be7 8. Na3 0-0 9. Nc2 Re8 10. 0-0 h6 11. e5 Nh7 12. Ne3 dxe5 13. fxe5 Nb8 14. Ng4 Ng5 15. Nxg5 Bxg5 16. Bxg5 Qxg5 17. Be4 Bxe4 18. Qxe4 Nd7 19. Rf3 Rf8 20. Rg3 f5 21. exf6 Nxf6 22. Qxe6+ Kh7 23. Nxf6+ Qxf6 24. Qxf6 Rxf6 25. Re1 Raf8 26. h3 R8f7 27. Rge3 Rf2 28. R3e2 R2f6 29. Re7 c6 30. Rxf7 Rxf7 31. Re6 Rc7 32. Kf2 Kg8 33. Ke3 Kf7 34. Re4 Rd7 35. b4 g5 36. a4 a6 37. Re5 Rc7 38. g4 b5 39. axb5 cxb5 40. Rc5 Re7+ 41. Kd3 Re6 42. Rc7+ Ke8 43. d5 Re1 44. Rc6 Rd1+ 45. Kc2 Rxd5 46. Rxa6 Re5 47. Rxh6 Re2+ 48. Kb3 Rh2 49. Rh5 Kd7 50. Rxg5 1-0

[Event "Ivrea op 15th"]
[Site "Ivrea"]
[Date "2011.04.01"]
[Round "1"]
[White "Moratto, Davide"]
[Black "Tricerri, Pierino"]
[Result "1-0"]
[WhiteElo "1838"]
[BlackElo "1528"]
[PlyCount "45"]
[EventDate "2011.04.01"]
[EventType "swiss"]
[EventRounds "5"]
[EventCountry "ITA"]
[SourceTitle "EXT 2024"]
[Source "ChessBase"]
[SourceDate "2023.10.10"]
[SourceVersion "1"]
[SourceVersionDate "2023.10.10"]
[SourceQuality "1"]

1. e4 c5 2. Nc3 Nc6 3. Nf3 Nf6 4. d4 cxd4 5. Nxd4 d6 6. Be2 g6 7. Bg5 Bg7 8. Nxc6 bxc6 9. Qd2 h6 10. Bh4 Qb6 11. 0-0 Qa5 12. Rfd1 Qc5 13. Bf3 Rb8 14. e5 Qxe5 15. Bxc6+ Bd7 16. Bxd7+ Nxd7 17. Re1 Qh5 18. Bxe7 Be5 19. f4 Kxe7 20. fxe5 Nxe5 21. Rad1 Rhd8 22. Nd5+ Ke6 23. Nf4+ 1-0

[Event "Arco op 32nd"]
[Site "Arco"]
[Date "2010.10.20"]
[Round "5"]
[White "Niccoli, Paolo"]
[Black "Moratto, Davide"]
[Result "1-0"]
[WhiteElo "1962"]
[BlackElo "1854"]
[PlyCount "57"]
[EventDate "2010.10.16"]
[EventType "swiss"]
[EventRounds "9"]
[EventCountry "ITA"]
[SourceTitle "EXT 2024"]
[Source "ChessBase"]
[SourceDate "2023.10.10"]
[SourceVersion "1"]
[SourceVersionDate "2023.10.10"]
[SourceQuality "1"]

1. e4 g6 2. d4 c6 3. Nc3 Bg7 4. Be3 d5 5. e5 Nh6 6. Bd3 Bf5 7. Bxh6 Bxh6 8. Bxf5 gxf5 9. Qh5 Bf8 10. e6 Qb6 11. exf7+ Kd8 12. 0-0-0 Nd7 13. Nf3 Nf6 14. Qxf5 Rc8 15. Ng5 Bh6 16. Kb1 Bxg5 17. Qxg5 Rf8 18. Qg7 Kd7 19. Rhe1 Qb4 20. Re5 Kc7 21. a3 Qd6 22. Rde1 Nd7 23. Rxe7 Qxh2 24. g3 Qh5 25. Qf6 Rcd8 26. Qf4+ Kc8 27. Na4 b6 28. g4 Qg6 29. R1e6 1-0

[Event "Arco op 32nd"]
[Site "Arco"]
[Date "2010.10.16"]
[Round "1"]
[White "Welz, Peter"]
[Black "Moratto, Davide"]
[Result "1-0"]
[WhiteElo "2156"]
[BlackElo "1854"]
[PlyCount "61"]
[EventDate "2010.10.16"]
[EventType "swiss"]
[EventRounds "9"]
[EventCountry "ITA"]
[SourceTitle "EXT 2012"]
[Source "ChessBase"]
[SourceDate "2011.11.24"]
[SourceVersion "1"]
[SourceVersionDate "2011.11.24"]
[SourceQuality "1"]

1. e4 c6 2. d4 g6 3. f4 d5 4. e5 h5 5. Nf3 Bg4 6. h3 Bxf3 7. Qxf3 e6 8. Bd3 Qb6 9. 0-0 Nd7 10. c3 c5 11. Kh1 cxd4 12. cxd4 Ne7 13. Nc3 a6 14. Be3 Nf5 15. b3 h4 16. Ne2 Ba3 17. Rab1 Rc8 18. Bf2 Nb8 19. b4 Nc6 20. Bxf5 gxf5 21. Qxa3 Qb5 22. Rfe1 Ke7 23. Qb3 Rcg8 24. a4 Qb6 25. b5 Na5 26. Qb4+ Kd7 27. Qc5 Qxc5 28. dxc5 Rc8 29. c6+ bxc6 30. bxa6 c5 31. Rb5 1-0

[Event "Ivrea Autumn 21st"]
[Site "Ivrea"]
[Date "2010.10.14"]
[Round "2"]
[White "Moratto, Davide"]
[Black "Razzano, Lorenzo"]
[Result "0-1"]
[WhiteElo "1854"]
[BlackElo "1928"]
[PlyCount "60"]
[EventDate "2010.10.07"]
[EventType "swiss"]
[EventRounds "9"]
[EventCountry "ITA"]
[SourceTitle "EXT 2024"]
[Source "ChessBase"]
[SourceDate "2023.10.10"]
[SourceVersion "1"]
[SourceVersionDate "2023.10.10"]
[SourceQuality "1"]

1. e4 e5 2. Nf3 Nc6 3. Bb5 a6 4. Ba4 Nf6 5. 0-0 Be7 6. d4 exd4 7. e5 Ne4 8. Bxc6 dxc6 9. Nxd4 0-0 10. Re1 Nc5 11. Nc3 Ne6 12. Nf5 Bg5 13. Qf3 Bxc1 14. Raxc1 Nd4 15. Nxd4 Qxd4 16. Rcd1 Qb4 17. b3 Bg4 18. Re4 Bxf3 19. Rxb4 Bxd1 20. Nxd1 Rad8 21. Ne3 b6 22. f4 c5 23. Re4 Rd4 24. Rxd4 cxd4 25. Nf5 Rd8 26. Kf2 g6 27. Ne7+ Kf8 28. Nc6 Rd5 29. Nb4 Rc5 30. Ke2 a5 0-1

[Event "Biella op 1st"]
[Site "Biella"]
[Date "2010.09.26"]
[Round "5"]
[White "Caprioglio, Giovanni"]
[Black "Moratto, Davide"]
[Result "1/2-1/2"]
[WhiteElo "1455"]
[BlackElo "1854"]
[PlyCount "91"]
[EventDate "2010.09.24"]
[EventType "swiss"]
[EventRounds "5"]
[EventCountry "ITA"]
[SourceTitle "EXT 2024"]
[Source "ChessBase"]
[SourceDate "2023.10.10"]
[SourceVersion "1"]
[SourceVersionDate "2023.10.10"]
[SourceQuality "1"]

1. e4 c6 2. d4 g6 3. Nf3 d5 4. exd5 cxd5 5. c4 Bg7 6. Nc3 Nf6 7. Be2 0-0 8. 0-0 e6 9. b3 Ne4 10. Qd3 Nxc3 11. Qxc3 b6 12. Bg5 f6 13. Bf4 Bb7 14. Rfe1 Re8 15. Rac1 Na6 16. Nd2 e5 17. Be3 Rc8 18. Qb2 e4 19. cxd5 Rxc1 20. Rxc1 Nb4 21. Bc4 Kh8 22. Kf1 Bxd5 23. Bb5 Rf8 24. a3 Nd3 25. Bxd3 exd3 26. Qc3 Qd6 27. g3 Qd7 28. Qxd3 Qh3+ 29. Ke1 Qxh2 30. Rc7 Re8 31. Qb5 Rxe3+ 32. fxe3 Qxg3+ 33. Kd1 Qxc7 34. Qxd5 h5 35. Qe6 Qd8 36. d5 Bf8 37. Qf7 Bxa3 38. Ne4 Qe7 39. Qxg6 Bb2 40. Qxh5+ Kg7 41. Qg4+ Kf8 42. d6 Qe5 43. Qc8+ Kg7 44. Qd7+ Kg6 45. Qg4+ Kf7 46. Qd7+ 1/2-1/2

[Event "Biella op 1st"]
[Site "Biella"]
[Date "2010.09.26"]
[Round "4"]
[White "Moratto, Davide"]
[Black "Penna, Tommaso"]
[Result "0-1"]
[WhiteElo "1854"]
[BlackElo "1705"]
[PlyCount "112"]
[EventDate "2010.09.24"]
[EventType "swiss"]
[EventRounds "5"]
[EventCountry "ITA"]
[SourceTitle "EXT 2024"]
[Source "ChessBase"]
[SourceDate "2023.10.10"]
[SourceVersion "1"]
[SourceVersionDate "2023.10.10"]
[SourceQuality "1"]

1. e4 Nf6 2. e5 Nd5 3. Nc3 Nxc3 4. bxc3 d6 5. exd6 cxd6 6. g3 g6 7. Bg2 Nc6 8. d4 Bg7 9. Ne2 Qc7 10. 0-0 0-0 11. Nf4 e6 12. Bd2 Na5 13. Ne2 Nc4 14. Bf4 e5 15. Bg5 h6 16. Bc1 Bd7 17. Rb1 Bc6 18. d5 Bd7 19. Kh1 Rac8 20. f4 b6 21. h3 h5 22. Kh2 Kh7 23. Ng1 exf4 24. Bxf4 Bxc3 25. Nf3 Qc5 26. Ng5+ Kg7 27. Ne4 Qd4 28. Qxd4+ Bxd4 29. Nxd6 Nxd6 30. Bxd6 Rfe8 31. Rbd1 Bf6 32. Rd2 Bg5 33. Rdf2 f5 34. h4 Be3 35. Rf3 Rxc2 36. Re1 Bc5 37. Rxe8 Bxe8 38. Bxc5 Rxc5 39. Re3 Kf8 40. d6 Rc2 41. Kg1 Rd2 42. Re7 a5 43. Re6 Bf7 44. Re7 Rxd6 45. Rb7 Bxa2 46. Rb8+ Ke7 47. Bf1 Kf6 48. Kf2 Ke5 49. Re8+ Kd5 50. Bb5 Kc5 51. Bf1 b5 52. Rb8 Bc4 53. Bg2 Rd2+ 54. Kg1 Kb4 55. Rb6 a4 56. Rxg6 a3 0-1

[Event "Biella op 1st"]
[Site "Biella"]
[Date "2010.09.25"]
[Round "2"]
[White "Moratto, Davide"]
[Black "Stefanini, Niccolo"]
[Result "1-0"]
[WhiteElo "1854"]
[BlackElo "1488"]
[PlyCount "37"]
[EventDate "2010.09.24"]
[EventType "swiss"]
[EventRounds "5"]
[EventCountry "ITA"]
[SourceTitle "EXT 2024"]
[Source "ChessBase"]
[SourceDate "2023.10.10"]
[SourceVersion "1"]
[SourceVersionDate "2023.10.10"]
[SourceQuality "1"]

1. e4 Nf6 2. f3 e5 3. d4 d5 4. dxe5 Nxe4 5. Bf4 Ng5 6. Bxg5 Qxg5 7. Qxd5 Qc1+ 8. Kf2 Qxb2 9. Bc4 c6 10. Qxf7+ Kd8 11. Ne2 Qxa1 12. Rd1+ Bd7 13. Nbc3 Qb2 14. e6 Qb6+ 15. Kf1 Qc7 16. exd7 Nxd7 17. Nf4 Kc8 18. Rxd7 Qb6 19. Qe8+ 1-0

[Event "Biella op 1st"]
[Site "Biella"]
[Date "2010.09.25"]
[Round "3"]
[White "Temi, Walter"]
[Black "Moratto, Davide"]
[Result "1-0"]
[WhiteElo "2098"]
[BlackElo "1854"]
[PlyCount "131"]
[EventDate "2010.09.24"]
[EventType "swiss"]
[EventRounds "5"]
[EventCountry "ITA"]
[SourceTitle "EXT 2024"]
[Source "ChessBase"]
[SourceDate "2023.10.10"]
[SourceVersion "1"]
[SourceVersionDate "2023.10.10"]
[SourceQuality "1"]

1. e4 c6 2. d4 d5 3. exd5 cxd5 4. Bd3 g6 5. Nf3 Bg7 6. c3 Nf6 7. 0-0 0-0 8. Re1 Bg4 9. Nbd2 Nc6 10. h3 Bxf3 11. Nxf3 Nd7 12. Qb3 Nb6 13. Bg5 f6 14. Bh4 Qd7 15. a4 Rae8 16. a5 Nc8 17. a6 Nb6 18. Bg3 Kh8 19. axb7 e5 20. dxe5 fxe5 21. Bb5 Qxb7 22. Bxc6 Qxc6 23. Nxe5 Bxe5 24. Bxe5+ Kg8 25. Rxa7 Nd7 26. Rc7 Qe6 27. f4 Rxf4 28. Bxf4 Qxe1+ 29. Kh2 Qe4 30. Bg3 Ne5 31. Qb5 Rf8 32. Rb7 h5 33. Rb8 Nf7 34. Rxf8+ Kxf8 35. Qc5+ Kg8 36. Qd4 Qe6 37. b4 g5 38. b5 h4 39. Bc7 Nd6 40. b6 Nb7 41. Qd2 Qf5 42. Qe3 Kf7 43. Qe2 Qe6 44. Qh5+ Qg6 45. Qf3+ Ke6 46. c4 Qf5 47. cxd5+ Qxd5 48. Qf8 Kd7 49. Qf6 Nd6 50. Qd8+ Kc6 51. Qxd6+ Qxd6+ 52. Bxd6 Kxd6 53. g4 Kc6 54. Kg2 Kxb6 55. Kf3 Kc6 56. Ke4 Kd6 57. Kf5 Ke7 58. Kxg5 Kf7 59. Kxh4 Kg6 60. Kg3 Kg5 61. h4+ Kh6 62. Kf4 Kg7 63. Kf5 Kf7 64. g5 Kg7 65. h5 Kf7 66. Ke5 1-0

[Event "Arco op 30th"]
[Site "Arco"]
[Date "2008.10.23"]
[Round "6"]
[White "Moratto, Davide"]
[Black "Orlandi, Stefano"]
[Result "0-1"]
[WhiteElo "1860"]
[BlackElo "1965"]
[PlyCount "64"]
[EventDate "2008.10.18"]
[EventType "swiss"]
[EventRounds "9"]
[EventCountry "ITA"]
[SourceTitle "CBM 127 Extra"]
[Source "ChessBase"]
[SourceDate "2009.01.08"]
[SourceVersion "2"]
[SourceVersionDate "2009.01.28"]
[SourceQuality "1"]

1. e4 c5 2. Nf3 Nc6 3. b3 e5 4. Bb2 d6 5. Bb5 Bd7 6. 0-0 a6 7. Bxc6 Bxc6 8. d3 Nf6 9. c4 Be7 10. Nc3 0-0 11. h3 b5 12. Nd2 Nd7 13. f4 exf4 14. Rxf4 Ne5 15. Nf1 Bg5 16. Rf2 Bh4 17. g3 Bg5 18. Nd5 Bd7 19. d4 cxd4 20. Bxd4 Bxh3 21. Qh5 Bg4 22. Qh1 bxc4 23. Bxe5 dxe5 24. bxc4 Qa5 25. Nh2 Be6 26. Nf3 Bh6 27. Nf6+ Kh8 28. Ng5 Qc3 29. Rff1 Bxc4 30. Rab1 Qxg3+ 31. Qg2 Qe3+ 32. Rf2 Qxg5 0-1

[Event "Arco op 30th"]
[Site "Arco"]
[Date "2008.10.18"]
[Round "1"]
[White "Barlocco, Carlo"]
[Black "Moratto, Davide"]
[Result "1-0"]
[WhiteElo "2144"]
[BlackElo "1860"]
[PlyCount "105"]
[EventDate "2008.10.18"]
[EventType "swiss"]
[EventRounds "9"]
[EventCountry "ITA"]
[SourceTitle "CBM 127 Extra"]
[Source "ChessBase"]
[SourceDate "2009.01.08"]
[SourceVersion "2"]
[SourceVersionDate "2009.01.28"]
[SourceQuality "1"]

1. d4 Nf6 2. Nf3 d6 3. Nc3 g6 4. e4 Bg4 5. h3 Bxf3 6. Qxf3 c6 7. Be3 Bg7 8. Bc4 0-0 9. 0-0 h5 10. Rad1 Ne8 11. Bb3 b5 12. e5 b4 13. Ne4 d5 14. Ng5 e6 15. Qe2 Nd7 16. f4 a5 17. c3 Qe7 18. cxb4 a4 19. Bc2 Qxb4 20. b3 a3 21. Rc1 Nc7 22. Bb1 Nb5 23. Rfd1 Rfc8 24. Nf3 Rc7 25. Ne1 Rac8 26. Nd3 Qa5 27. g4 hxg4 28. hxg4 f5 29. gxf5 exf5 30. Kf2 Nc3 31. Rxc3 Qxc3 32. Rc1 Qa5 33. Rg1 Nf8 34. Bd2 Qa7 35. Nc5 Re8 36. Bb4 Qb8 37. Na6 Qc8 38. Nxc7 Qxc7 39. Bxf8 Kxf8 40. Rxg6 c5 41. Qh5 cxd4 42. Qxf5+ Kg8 43. Qg4 Rf8 44. Bf5 Rf7 45. Be6 Qc2+ 46. Kg3 Qc3+ 47. Kh2 Qd2+ 48. Kh3 Qe3+ 49. Qg3 Kf8 50. Bxf7 Kxf7 51. Rxg7+ Ke8 52. Qxe3 dxe3 53. Kg3 1-0

[Event "Padova op-A 10th"]
[Site "Padova"]
[Date "2007.12.17"]
[Round "3.11"]
[White "Moratto, Davide"]
[Black "Sgaravatti, Francesco"]
[Result "1-0"]
[WhiteElo "1855"]
[BlackElo "2175"]
[PlyCount "49"]
[EventDate "2007.12.15"]
[EventType "swiss"]
[EventRounds "9"]
[EventCountry "ITA"]
[SourceTitle "EXT 2024"]
[Source "ChessBase"]
[SourceDate "2023.10.10"]
[SourceVersion "1"]
[SourceVersionDate "2023.10.10"]
[SourceQuality "1"]

1. e4 e6 2. d4 d5 3. Nc3 Bb4 4. Bd2 dxe4 5. a3 Bxc3 6. Bxc3 Nf6 7. Bc4 Nbd7 8. Ne2 Nb6 9. Ba2 Bd7 10. Nf4 Bc6 11. 0-0 Nbd5 12. Nxd5 exd5 13. f3 0-0 14. fxe4 Nxe4 15. Bb4 Re8 16. Qf3 Qf6 17. Qd3 Qg5 18. Rae1 a5 19. Bc3 Re6 20. b4 Rg6 21. Re2 Nxc3 22. Qxc3 Bb5 23. Qxc7 Rf8 24. c4 Rc6 25. Qxf7+ 1-0

[Event "Padova op-A 10th"]
[Site "Padova"]
[Date "2007.12.15"]
[Round "1.7"]
[White "Manca, Federico"]
[Black "Moratto, Davide"]
[Result "1-0"]
[WhiteElo "2405"]
[BlackElo "1855"]
[PlyCount "57"]
[EventDate "2007.12.15"]
[EventType "swiss"]
[EventRounds "9"]
[EventCountry "ITA"]
[SourceTitle "EXT 2024"]
[Source "ChessBase"]
[SourceDate "2023.10.10"]
[SourceVersion "1"]
[SourceVersionDate "2023.10.10"]
[SourceQuality "1"]

1. e4 c5 2. c3 d6 3. d4 Nf6 4. Bd3 cxd4 5. cxd4 e6 6. Nc3 Nc6 7. Nf3 Be7 8. 0-0 0-0 9. h3 Bd7 10. e5 Ne8 11. Bf4 dxe5 12. dxe5 Nb4 13. Bb1 Bc6 14. Qe2 Nc7 15. Rd1 Ncd5 16. Bc1 Qb6 17. Ng5 g6 18. Nce4 h6 19. Nf3 Kg7 20. a3 Na6 21. b4 Rad8 22. Bd3 Ba4 23. Re1 Nac7 24. Nd6 f5 25. exf6+ Bxf6 26. Nc4 Qc6 27. Nfe5 Qe8 28. Bxg6 Qe7 29. Bxh6+ 1-0

[Event "Arco op 29th"]
[Site "Arco"]
[Date "2007.10.27"]
[Round "8"]
[White "Bini, Gabriele"]
[Black "Moratto, Davide"]
[Result "0-1"]
[WhiteElo "1736"]
[BlackElo "1855"]
[PlyCount "60"]
[EventDate "2007.10.20"]
[EventType "swiss"]
[EventRounds "9"]
[EventCountry "ITA"]
[SourceTitle "CBM 120 Extra"]
[Source "ChessBase"]
[SourceDate "2007.11.01"]
[SourceVersion "1"]
[SourceVersionDate "2007.11.01"]
[SourceQuality "1"]

1. e4 c5 2. d4 cxd4 3. c3 dxc3 4. Nxc3 Nc6 5. Nf3 d6 6. Bc4 e6 7. 0-0 Qc7 8. Nb5 Qb8 9. Re1 a6 10. Nc3 Nf6 11. Bf4 b5 12. Bb3 Be7 13. Rc1 0-0 14. Nd5 Nxd5 15. exd5 Na5 16. dxe6 Nxb3 17. exf7+ Rxf7 18. Qxb3 Kf8 19. Bg5 Ra7 20. h3 Rc7 21. Rxc7 Qxc7 22. Rc1 Qb7 23. Bxe7+ Rxe7 24. Qc2 Bxh3 25. Qxh7 Bg4 26. Nh4 Re6 27. Rc8+ Kf7 28. Qg8+ Kf6 29. f4 Re1+ 30. Kh2 Qxc8 0-1

[Event "Arco op 29th"]
[Site "Arco"]
[Date "2007.10.26"]
[Round "7"]
[White "Bossoni, Mario"]
[Black "Moratto, Davide"]
[Result "1-0"]
[WhiteElo "1993"]
[BlackElo "1855"]
[PlyCount "47"]
[EventDate "2007.10.20"]
[EventType "swiss"]
[EventRounds "9"]
[EventCountry "ITA"]
[SourceTitle "CBM 120 Extra"]
[Source "ChessBase"]
[SourceDate "2007.11.01"]
[SourceVersion "1"]
[SourceVersionDate "2007.11.01"]
[SourceQuality "1"]

1. e4 c5 2. d4 cxd4 3. c3 dxc3 4. Nxc3 Nc6 5. Nf3 d6 6. Bc4 e6 7. 0-0 Nf6 8. Qe2 a6 9. Rd1 Be7 10. e5 Ng4 11. exd6 Bxd6 12. Ne4 0-0 13. Nxd6 Qc7 14. Bg5 h6 15. Bh4 b5 16. Bb3 Qb6 17. h3 Nf6 18. Bxf6 gxf6 19. Ne4 Kg7 20. Ng3 f5 21. Rd6 Qc5 22. Nh5+ Kg8 23. Qd2 Kh7 24. Rc1 1-0

[Event "Arco op 28th"]
[Site "Arco"]
[Date "2006.10.26"]
[Round "6"]
[White "Moratto, Davide"]
[Black "La Malfa, Stelio"]
[Result "0-1"]
[WhiteElo "2009"]
[BlackElo "1879"]
[PlyCount "144"]
[EventDate "2006.10.21"]
[EventType "swiss"]
[EventRounds "9"]
[EventCountry "ITA"]
[SourceTitle "EXT 2007"]
[Source "ChessBase"]
[SourceDate "2006.11.23"]
[SourceVersion "1"]
[SourceVersionDate "2006.11.23"]
[SourceQuality "1"]

1. e4 e6 2. d4 d5 3. Nc3 Bb4 4. Qg4 Qf6 5. e5 Qg6 6. Qxg6 hxg6 7. Bd2 Ne7 8. a3 Bxc3 9. Bxc3 b6 10. Nf3 c5 11. Bb5+ Nbc6 12. g4 Bd7 13. h4 f6 14. 0-0-0 fxe5 15. Bxc6 Nxc6 16. Nxe5 Nxe5 17. dxe5 d4 18. Bd2 Bc6 19. Rh2 Bf3 20. Rg1 Kd7 21. Rg3 Bd5 22. h5 Raf8 23. f4 Rf7 24. Rgh3 g5 25. Rf2 gxf4 26. Rxf4 Rxf4 27. Bxf4 Rf8 28. Bg3 Rf1+ 29. Kd2 Bf3 30. Be1 Bxg4 31. Rg3 Rf4 32. c3 Kc6 33. cxd4 Rxd4+ 34. Kc3 Kd5 35. Kb3 b5 36. Bc3 Rc4 37. Rd3+ Ke4 38. Rd7 Ra4 39. Rxg7 Bxh5 40. Kc2 b4 41. axb4 cxb4 42. Kb3 Bd1+ 43. Kc4 bxc3+ 44. Kxc3 Kxe5 45. Rh7 Bg4 46. Rf7 Bf5 47. b4 Ra3+ 48. Kb2 Ra6 49. Kb3 Be4 50. b5 Rb6 51. Kc4 a6 52. bxa6 Rxa6 53. Rf8 Rd6 54. Kc5 Rd1 55. Rf2 Rc1+ 56. Kb4 Kd4 57. Kb3 e5 58. Rf8 Bd5+ 59. Kb2 Re1 60. Kc2 Re2+ 61. Kd1 Rh2 62. Rd8 e4 63. Ke1 e3 64. Rd7 Ke4 65. Kf1 Bc4+ 66. Kg1 Rd2 67. Re7+ Kf3 68. Re8 Rd1+ 69. Kh2 e2 70. Rf8+ Kg4 71. Re8 e1Q 72. Re4+ Kf5 0-1

[Event "Arco op 28th"]
[Site "Arco"]
[Date "2006.10.25"]
[Round "5"]
[White "Niccoli, Paolo"]
[Black "Moratto, Davide"]
[Result "1-0"]
[WhiteElo "1994"]
[BlackElo "2009"]
[PlyCount "35"]
[EventDate "2006.10.21"]
[EventType "swiss"]
[EventRounds "9"]
[EventCountry "ITA"]
[SourceTitle "EXT 2007"]
[Source "ChessBase"]
[SourceDate "2006.11.23"]
[SourceVersion "1"]
[SourceVersionDate "2006.11.23"]
[SourceQuality "1"]

1. e4 c5 2. Nf3 d6 3. d4 cxd4 4. Nxd4 Nf6 5. Nc3 a6 6. Bg5 e6 7. f4 Nc6 8. Qd2 Be7 9. 0-0-0 h6 10. Bxf6 Bxf6 11. Nxc6 bxc6 12. Qxd6 Qxd6 13. Rxd6 Bd7 14. e5 Be7 15. Rd3 f5 16. Be2 Rd8 17. Rhd1 Bc8 18. Bh5+ 1-0

[Event "Arco op 28th"]
[Site "Arco"]
[Date "2006.10.24"]
[Round "4"]
[White "Moratto, Davide"]
[Black "Bozzao, Francesco"]
[Result "1/2-1/2"]
[WhiteElo "2009"]
[BlackElo "1972"]
[PlyCount "67"]
[EventDate "2006.10.21"]
[EventType "swiss"]
[EventRounds "9"]
[EventCountry "ITA"]
[SourceTitle "EXT 2007"]
[Source "ChessBase"]
[SourceDate "2006.11.23"]
[SourceVersion "1"]
[SourceVersionDate "2006.11.23"]
[SourceQuality "1"]

1. e4 c5 2. b3 Nc6 3. Bb2 d6 4. Bb5 Qb6 5. Nc3 Bd7 6. Nd5 Qd8 7. f4 e6 8. Bxc6 Bxc6 9. Nc3 Nf6 10. Qe2 Be7 11. Nf3 a6 12. 0-0 0-0 13. Rae1 b5 14. d3 Qb6 15. Kh1 b4 16. Nd1 Qa5 17. Bxf6 Bxf6 18. e5 Be7 19. exd6 Bxd6 20. Ne5 Bb7 21. Nf2 Bxe5 22. Qxe5 Rad8 23. Re3 Rd5 24. Qa1 Qc7 25. Ne4 Rf5 26. Ref3 e5 27. fxe5 Rxe5 28. Rf5 Rxf5 29. Rxf5 Bxe4 30. dxe4 Re8 31. Qf1 Rxe4 32. Qxa6 Re1+ 33. Rf1 Rxf1+ 34. Qxf1 1/2-1/2

[Event "Arco op 27th"]
[Site "Arco"]
[Date "2005.10.29"]
[Round "8"]
[White "Marchand, Francois"]
[Black "Moratto, Davide"]
[Result "1-0"]
[WhiteElo "2269"]
[BlackElo "2009"]
[PlyCount "75"]
[EventDate "2005.10.22"]
[EventType "swiss"]
[EventRounds "9"]
[EventCountry "ITA"]
[SourceTitle "EXT 2006"]
[Source "ChessBase"]
[SourceDate "2005.11.24"]
[SourceVersion "1"]
[SourceVersionDate "2005.11.24"]
[SourceQuality "1"]

1. d4 Nf6 2. c4 g6 3. Nc3 Bg7 4. e4 d6 5. Nf3 0-0 6. Be2 Nc6 7. 0-0 e5 8. d5 Ne7 9. Ne1 Nd7 10. Be3 f5 11. f3 f4 12. Bf2 g5 13. Rc1 Rf6 14. Nd3 Rh6 15. b4 Qe8 16. Kh1 Qh5 17. Bg1 Nf6 18. c5 a6 19. cxd6 cxd6 20. Na4 b5 21. Nb6 Rb8 22. Nxc8 Rxc8 23. Rxc8+ Nxc8 24. Nf2 Qh4 25. Ng4 Rg6 26. Qc2 Ne7 27. Nxf6+ Rxf6 28. Qc7 Bf8 29. Qb7 Kh8 30. Qxa6 Ng8 31. Qxb5 Nh6 32. h3 Rg6 33. Bf2 Qh5 34. a4 g4 35. fxg4 Nxg4 36. Kg1 Qg5 37. Bxg4 h5 38. Bf3 1-0

[Event "Arco op 27th"]
[Site "Arco"]
[Date "2005.10.27"]
[Round "6"]
[White "Knors, Rudi"]
[Black "Moratto, Davide"]
[Result "1/2-1/2"]
[WhiteElo "2075"]
[BlackElo "2009"]
[PlyCount "46"]
[EventDate "2005.10.22"]
[EventType "swiss"]
[EventRounds "9"]
[EventCountry "ITA"]
[SourceTitle "EXT 2006"]
[Source "ChessBase"]
[SourceDate "2005.11.24"]
[SourceVersion "1"]
[SourceVersionDate "2005.11.24"]
[SourceQuality "1"]

1. d4 Nf6 2. Bg5 e6 3. Nf3 b6 4. e3 Bb7 5. Bd3 Be7 6. 0-0 d6 7. Nbd2 Nbd7 8. Qe2 a5 9. c3 Nd5 10. Bxe7 Qxe7 11. c4 Nb4 12. Bb1 0-0 13. a3 Na6 14. Qd3 f5 15. e4 f4 16. e5 g6 17. Re1 dxe5 18. Nxe5 Nxe5 19. Rxe5 Rf5 20. Rxf5 exf5 21. Ba2 Rd8 22. Qc3 Kg7 23. d5+ Qf6 1/2-1/2